Loading...
| Science - Other | 0 | 4 | 0 | 2 | 40 | 95 | 114.75 | 0 | 3 | 0.00 | 0.00 |
| History - American | 0 | 4 | 0 | 1 | 40 | 62 | 103.75 | 1 | 4 | 0.00 | 0.00 |
| Mythology | 0 | 4 | 1 | 1 | 35 | 65 | 108.25 | 0 | 4 | 0.00 | 0.00 |
| Science - Biology | 0 | 4 | 1 | 2 | 35 | 89 | 105.25 | 3 | 4 | 0.00 | 0.00 |
| Religion | 0 | 3 | 1 | 0 | 25 | 93 | 106.67 | 0 | 3 | 0.00 | 0.00 |
| History - Other | 0 | 3 | 1 | 0 | 25 | 101 | 104.33 | 1 | 3 | 0.00 | 0.00 |
| Social Science | 0 | 2 | 0 | 0 | 20 | 105 | 106.00 | 1 | 1 | 0.00 | 0.00 |
| Literature - European | 0 | 2 | 0 | 0 | 20 | 130 | 133.50 | 0 | 2 | 0.00 | 0.00 |
| Literature - World | 0 | 2 | 0 | 0 | 20 | 111 | 115.00 | 0 | 2 | 0.00 | 0.00 |
| Other Academic | 0 | 2 | 0 | 0 | 20 | 96 | 116.50 | 0 | 2 | 0.00 | 0.00 |
| Science - Physics | 0 | 2 | 1 | 0 | 15 | 104 | 111.50 | 0 | 2 | 0.00 | 0.00 |
| History - European | 0 | 1 | 0 | 0 | 10 | 113 | 113.00 | 0 | 1 | 0.00 | 0.00 |
| Fine Arts - Painting and Sculpture | 0 | 1 | 0 | 0 | 10 | 132 | 132.00 | 0 | 1 | 0.00 | 0.00 |
| Science - Chemistry | 0 | 1 | 0 | 0 | 10 | 70 | 70.00 | 1 | 1 | 0.00 | 0.00 |
| Fine Arts - Other | 0 | 1 | 0 | 1 | 10 | 138 | 138.00 | 0 | 1 | 0.00 | 0.00 |
| Literature - American | 0 | 1 | 0 | 0 | 10 | 100 | 100.00 | 0 | 1 | 0.00 | 0.00 |
| Philosophy | 0 | 0 | 1 | 0 | -5 | 0.00 | 0 | 0 | 0.00 | 0.00 | |
| Fine Arts - Classical Music | 0 | 0 | 1 | 0 | -5 | 0.00 | 0 | 0 | 0.00 | 0.00 |